000
00320pam a2200133 a 4500
020
_c
041
_h
082
_a
570.10000000000002
_b
UPA
100
_a
Upadhya, S.
245
_a
Happiness The Key To Success And A Full Life
_h
Textual Documents
260
_a
Pune
_b
Hind Pocket Books
300
_a
138
930
_a
5124
999
_c
111954
_d
111954